000 00492nam a2200169 i 4500
001 49954
003 ES-MaACL
005 20230906162106.0
007 t|
008 030728s1983 sp ||||1| spa d
100 1 _aCrespo, José Luis.
_941524
245 1 0 _aEn el vientre de los peces /
_cJosé Luis Crespo ; prólogo de Elvira Ley.
260 _a[Madrid] :
_bAyuso,
_c[1983]
300 _a59 p. :
_bil. ;
_c20 cm.
700 1 _aLevy, Elvira.
_971998
852 _aES-MaACL
_jL-5004
_bR.105526
999 _c49954
_d49954